Parliament of india : (Record no. 124204)

MARC details
000 -LEADER
fixed length control field 00724nam a22002417a 4500
005 - DATE AND TIME OF LATEST TRANSACTION
control field 20170124105936.0
010 ## - LIBRARY OF CONGRESS CONTROL NUMBER
LC control number 857018
020 ## - INTERNATIONAL STANDARD BOOK NUMBER
Terms of availability 00.00
035 ## - SYSTEM CONTROL NUMBER
System control number 857018
037 ## - SOURCE OF ACQUISITION
Source of stock number/acquisition Cen Lib/Ret
040 ## - CATALOGING SOURCE
Original cataloging agency DPL
Language of cataloging EN
082 ## - DEWEY DECIMAL CLASSIFICATION NUMBER
Classification number 328.54
Item number PAR
245 ## - TITLE STATEMENT
Title Parliament of india :
Statement of responsibility, etc edited by S.L. Shakdher
Remainder of title the fifth lok sabha 1971-1977, a study /
246 ## - VARYING FORM OF TITLE
Remainder of title
260 ## - PUBLICATION, DISTRIBUTION, ETC. (IMPRINT)
Name of publisher, distributor, etc Indus International
Place of publication, distribution, etc New Delhi
Date of publication, distribution, etc 1977
270 ## - ADDRESS
City New Delhi
Postal code 110002
Address 8, netaji subhash marg
300 ## - PHYSICAL DESCRIPTION
Extent 401p.
Dimensions 20cm(Hb)
500 ## - GENERAL NOTE
General note Includes index
650 ## - SUBJECT ADDED ENTRY--TOPICAL TERM
Topical term or geographic name as entry element Lok sabha
Geographic subdivision
9 (RLIN) 9778
650 ## - SUBJECT ADDED ENTRY--TOPICAL TERM
Topical term or geographic name as entry element Parliamentray elections
Chronological subdivision 1971-9177
9 (RLIN) 9779
700 ## - ADDED ENTRY--PERSONAL NAME
Personal name Shakdher, S.L.
9 (RLIN) 9743
942 ## - ADDED ENTRY ELEMENTS (KOHA)
Source of classification or shelving scheme Dewey Decimal Classification
Koha item type English Books
Classification part 328.54
Call number suffix PAR
Holdings
Withdrawn status Lost status Damaged status Not for loan Home library Current library Date acquired Source of acquisition Cost, normal purchase price Total Checkouts Full call number Barcode Date last seen Copy number Cost, replacement price Price effective from Koha item type Public note
Written off       Central Library Central Library 15/06/2015 Cen Lib/Ret 0.00   328.54 PAR 857018 15/06/2015 1 0.00 15/06/2015 English Books Written off on approval by DLB (By Circulation); dtd 15-06-2023

© Delhi Public Library
Hit Counter
free hit counter